Facilities management handbook (Record no. 110160)

MARC details
000 -LEADER
fixed length control field 01016cam a2200277 4500
001 - CONTROL NUMBER
control field L148680
008 - FIXED-LENGTH DATA ELEMENTS--GENERAL INFORMATION
fixed length control field 091019s2009 000 0 eng u
020 ## - INTERNATIONAL STANDARD BOOK NUMBER
International Standard Book Number 9780080943572
035 ## - SYSTEM CONTROL NUMBER
System control number (Sirsi) u148680
041 0# - LANGUAGE CODE
Language code of text/sound track or separate title eng
050 04 - LIBRARY OF CONGRESS CALL NUMBER
Classification number 658.2 $2 18
100 1# - MAIN ENTRY--PERSONAL NAME
Personal name Booty, Frank
245 00 - TITLE STATEMENT
Title Facilities management handbook
Medium [electronic resource]
250 ## - EDITION STATEMENT
Edition statement 4th ed.
260 ## - PUBLICATION, DISTRIBUTION, ETC.
Place of publication, distribution, etc. Oxford
Name of publisher, distributor, etc. Butterworth-Heinemann
Date of publication, distribution, etc. 2009
300 ## - PHYSICAL DESCRIPTION
Extent eBook
350 ## - PRICE (NR) (BK AM CF MU VM SE) [OBSOLETE]
Price 94.13
520 ## - SUMMARY, ETC.
Summary, etc. This eBook gives an overview of all aspects of faciities management, including legal compliance, strategic policies and best practice. Includes information on maintenance and risk management, as well as business continuity and IT and communications.
520 ## - SUMMARY, ETC.
Summary, etc. Supersedes third edition
590 ## - LOCAL NOTE (RLIN)
Local note ka
650 24 - SUBJECT ADDED ENTRY--TOPICAL TERM
Topical term or geographic name entry element EBOOK
651 #4 - SUBJECT ADDED ENTRY--GEOGRAPHIC NAME
Geographic name United Kingdom
Chronological subdivision
690 ## - LOCAL SUBJECT ADDED ENTRY--TOPICAL TERM (OCLC, RLIN)
Topical term or geographic name as entry element MANAGEMENT-FACILITIES MANAGEMENT
856 40 - ELECTRONIC LOCATION AND ACCESS
Uniform Resource Identifier <a href="https://www.vlebooks.com/">https://www.vlebooks.com/</a>
Public note View on VLEbooks. Logins for members only from [email protected]
942 ## - ADDED ENTRY ELEMENTS (KOHA)
Suppress in OPAC 0
Holdings
Withdrawn status Lost status Source of classification or shelving scheme Damaged status Not for loan Home library Current library Shelving location Date acquired Total Checkouts Full call number Barcode Date last seen Copy number Price effective from Koha item type
    Dewey Decimal Classification     Virtual Virtual Online 19/10/2009   EBOOK 148680 06/08/2019 1 06/08/2019 Book